000 00531nam a2200181Ia 4500
005 20250508152100.0
008 008 250505s9999 xx 000 0 eng d
037 _aTextual
040 _aFEDL
_beng
_cFEDL
041 _aeng
_2eng
084 _a372.4, TOO
_qFEDL
100 _aTooze Rutn
_9760642
245 0 _aYour ccchildren want to read : A guide for teachers and parents
260 _aEnglewood Cliffs
_bPrentice-Hall
_c1957
300 _axiii,222p
942 _cTEXL
_h372.4, TOO
999 _c1334135
_d1334135